MARC

LEADER 00000nam0a2200000 4500
001 74226
005 20231031085052.0
035 |a (RuTPU)RU\TPU\book\79163 
090 |a 74226 
100 |a 20050301d1966 m y0rusy50 ca 
101 0 |a rus 
102 |a RU 
105 |a a j 001zy 
200 1 |a Технология переработки нефти и газа  |e учебное пособие для нефтяных техникумов  |f Л. В. Иванова, М. И. Корнеев, В. Н. Юзбашев 
210 |a Москва  |c Химия  |d 1966 
215 |a 419 с.  |c ил.  |e 1 л. номогр. 
320 |a Библиогр.: с. 406-408. 
610 1 |a газопереработка 
610 1 |a нефтепереработка 
610 1 |a нефтепродукты 
610 1 |a нефть 
610 1 |a мазут 
610 1 |a топливо 
610 1 |a масла 
610 1 |a нефтехимическая промышленность 
610 1 |a прямая перегонка нефти 
610 1 |a термический крекинг 
610 1 |a каталитический крекинг 
610 1 |a присадки 
610 1 |a природный газ 
610 1 |a попутный газ 
610 1 |a нефтеперерабатывающая промышленность 
610 1 |a нефтеперерабатывающие заводы 
610 1 |a учебные пособия 
675 |a 665.52(075.32)  |v 3 
700 1 |a Иванова  |b Л. В.  |g Людмила Вячеславовна 
701 1 |a Корнеев  |b М. И.  |g Михаил Иванович 
701 1 |a Юзбашев  |b В. Н.  |g Владимир Николаевич 
801 1 |a RU  |b 63413507  |c 20050301  |g PSBO 
801 2 |a RU  |b 63413507  |c 20160514  |g PSBO 
942 |c BK